000 00422nam a2200157 i 4500
001 74596
003 ES-MaACL
005 20230906172201.0
007 t|
008 040920s1922 sp ||||1| spa d
100 1 _aGoulinat, J. G.
_959348
245 1 3 _aLa technique des peintres /
_cJ.G. Goulinat.
260 _a[S.l. :
_bs.n.,
_c1922] (
_eChartres :
_fDurand)
300 _a298 p. ;
_c19 cm.
852 _aES-MaACL
_jF-4735
999 _c74596
_d74596